banner-ar

الاعمال الكاملة: ترجمة وصياغة شعرية لقصائد مختارة من الشعر المجرى المجلد الثانى / (Record no. 46332)

MARC details
000 -الفاتح
حقل البيانات ثابتة الطول 00568nam a2200169Ia 4500
008 - عناصر البيانات ثابتة الطول - معلومات عامة
حقل البيانات ثابتة الطول 140319s9999 xx 000 0 ara d
040 ## - مصدر الفهرسة
وكالة الفهرسة الأصلية GCL /
وكالة النسخ GCL
082 04 - رقم تصنيف ديوى العشرى
رقم التصنيف 843.9
رقم المادة ف ا
100 1# - المدخل الرئيسى - إسم شخصى
الإسم الشخصى فوزى العنتيل
245 10 - بيان العنوان
العنوان الاعمال الكاملة: ترجمة وصياغة شعرية لقصائد مختارة من الشعر المجرى المجلد الثانى /
بيان المسئوليه,etc فوزى العنتيل
300 ## - الوصف المادى
التعداد 567
490 ## - بيان السلسلة
عنوان السلسلة 100 قصة
رقم المجلد/ التعيين التسلسلي 0
650 04 - المدخل الاضافى بالموضوع-مصطلح موضوعى
مصطلح موضوعي الشعر
650 04 - المدخل الاضافى بالموضوع-مصطلح موضوعى
مصطلح موضوعي الشعر المجرى المترجم
942 ## - عناصر المدخل الإضافي( كوها)
مصدر التصنيف او مخطط الترفيف Dewey Decimal Classification
Koha [default] item type كتاب
Holdings
حالة التراجع حالة الفقد حالة تلف ليس للاعارة المكان المؤقت الموقع الحالى تاريخ الاكتساب اجمالي اﻻعارات رقم الطلب الباركود تاريخ اخر مشاهدة تاريخ تفعيل السعر نوع وعاء كوها
        مكتبة القاهرة الكبرى مكتبة القاهرة الكبرى 03/26/2014   843.9\ف ا 112790 03/26/2014 03/26/2014 كتاب
        مكتبة القاهرة الكبرى مكتبة القاهرة الكبرى 03/26/2014   843.9\ف ا 112791 03/26/2014 03/26/2014 كتاب
        مكتبة القاهرة الكبرى مكتبة القاهرة الكبرى 03/26/2014   843.9\ف ا 112792 03/26/2014 03/26/2014 كتاب

Powered By

EGPV